Účtovníctvo cvičebnica

Salvato in:
Dettagli Bibliografici
Autore principale: Saxunová, Darina
Ente Autore: Univerzita Komenského v Bratislave. Fakulta managementu
Natura: Libro
Lingua:slovacco
Pubblicazione: Bratislava IURA EDITION 2004
Soggetti:
Tags: Aggiungi Tag
Nessun Tag, puoi essere il primo ad aggiungerne!!

MARC

LEADER 00000nam$a2200000$$$4500
001 0021839
005 20240318125956.8
020 |a 80-8078-018-8 
041 0 |a slo 
044 |a SK 
245 1 0 |a Účtovníctvo  |b cvičebnica  |c Darina Saxunová 
264 1 |a Bratislava  |b IURA EDITION  |c 2004 
300 |a 143 s. 
610 2 0 |a účtovníctvo 
610 2 0 |a jednotka účtovná 
610 2 0 |a metódy 
610 2 0 |a metódy účtovné 
610 2 0 |a majetok podnikový 
610 2 0 |a bilancie 
610 2 0 |a súvaha 
610 2 0 |a výkazy účtovné 
610 2 0 |a účtovníctvo podvojné 
610 2 0 |a dokumentácia účtovná 
610 2 0 |a oceňovanie 
610 2 0 |a osnova účtová 
610 2 0 |a podnikatelia 
610 2 0 |a závierka účtovná 
100 1 |a Saxunová, Darina 
710 2 |a Univerzita Komenského v Bratislave. Fakulta managementu